| 000 | 00442nam a2200193Ia 4500 | ||
|---|---|---|---|
| 003 | 0100 | ||
| 008 | 130227s9999 xx 000 0 und d | ||
| 040 | _cARRUPELIB | ||
| 050 | _aLB1051.R65 | ||
| 100 | _aRoss, James Stiven | ||
| 245 | _aGroundwork of educational theory | ||
| 260 | _aLondon | ||
| 260 | _bGeorge G. Harrap | ||
| 260 | _C1942 | ||
| 300 | _a264p | ||
| 300 | _b 18cm | ||
| 650 | _bReligion in literature | ||
| 942 |
_2lcc _01 |
||
| 999 |
_c653 _d653 |
||